Emmy - Drama Actress Quiz Stats

 Plays Quiz Updated Feb 5, 2020

Support Sporcle.
Go Orange.
Score 0/57 Timer 05:00
0 Plays Today
Year Actress % Correct
2013Claire Danes
74.7%
2012Claire Danes
74.2%
1999Edie Falco
70.6%
2001Edie Falco
70.6%
2003Edie Falco
70.6%
2008Glenn Close
67.9%
2009Glenn Close
67.9%
1961Barbara Stanwyck
67.6%
1966Barbara Stanwyck
67.6%
2021Olivia Colman
66.4%
2015Viola Davis
62.7%
1997Gillian Anderson
60.8%
1983Tyne Daly
60%
1984Tyne Daly
60%
1985Tyne Daly
60%
1988Tyne Daly
60%
2007Sally Field
59.2%
2010Kyra Sedgwick
59.1%
2005Patricia Arquette
57%
2014Julianna Margulies
55.9%
2017Elisabeth Moss
55%
2006Mariska Hargitay
54.8%
2020Zendaya
51.9%
2002Allison Janney
50.4%
2004Allison Janney
50.4%
2018Claire Foy
47.9%
1986Sharon Gless
45.7%
1987Sharon Gless
45.7%
2011Julianna Margulies
42%
Year Actress % Correct
2019Jodie Comer
39.3%
1989Dana Delany
37.8%
1992Dana Delany
37.8%
1977Lindsay Wagner
35.4%
2000Sela Ward
34.8%
1994Sela Ward
34.7%
2016Tatiana Maslany
33.1%
1974Michael Learned
31.1%
1973Michael Learned
31.1%
1976Michael Learned
31.1%
1982Michael Learned
31.1%
1980Barbara Bel Geddes
22.8%
1995Kathy Baker
22.7%
1993Kathy Baker
22.7%
1996Kathy Baker
22.7%
1998Christine Lahti
21.2%
1967Barbara Bain
20.3%
1968Barbara Bain
20.3%
1969Barbara Bain
20.3%
1990Patricia Wettig
19.8%
1991Patricia Wettig
19.8%
1978Sada Thompson
18.2%
1972Glenda Jackson
14.9%
1975Jean Marsh
9.8%
1979Mariette Hartley
6.6%
1970Susan Hampshire
6.4%
1971Susan Hampshire
6.4%
1981Barbara Babcock
6.2%

From the Vault

Switched Letters II

by LTH

Just when you think you have these words down, they start switching on you.
Remove Ads.
Support Sporcle.
Get the best of Sporcle when you Go Orange. This ad-free experience offers more features, more stats, and more fun while also helping to support Sporcle. Thank you for becoming a member.

Show Comments

Extras

Top Quizzes Today


Score Distribution

Your Account Isn't Verified!

In order to create a playlist on Sporcle, you need to verify the email address you used during registration. Go to your Sporcle Settings to finish the process.

Report this User

Report this user for behavior that violates our Community Guidelines.

Details: